NLSUI OPAC header image

Federal and state court systems (Record no. 3993)

MARC details
000 -LEADER
fixed length control field 00457nam a2200157Ia 4500
008 - FIXED-LENGTH DATA ELEMENTS--GENERAL INFORMATION
fixed length control field 160316s1977 xxu||||| |||| 00| 0 eng d
082 ## - DEWEY DECIMAL CLASSIFICATION NUMBER
Classification number 347.730100
Item number KLE
100 ## - MAIN ENTRY--PERSONAL NAME
Personal name Klein Fannie J
245 ## - TITLE STATEMENT
Title Federal and state court systems
250 ## - EDITION STATEMENT
Edition statement
260 ## - PUBLICATION, DISTRIBUTION, ETC.
Place of publication, distribution, etc. Cambridge
Name of publisher, distributor, etc. Ballinger Publishing Co.
Date of publication, distribution, etc. 1977
300 ## - PHYSICAL DESCRIPTION
Extent 303p.
Other physical details 20 cm
Dimensions xxii
365 ## - TRADE PRICE
Price amount $21.00
650 ## - SUBJECT ADDED ENTRY--TOPICAL TERM
Topical term or geographic name entry element 1.Courts - Justice - Administration - U S A
700 ## - ADDED ENTRY--PERSONAL NAME
Personal name Bander Edward J
-- Richert John
Holdings
Withdrawn status Lost status Damaged status Not for loan Home library Current library Shelving location Date acquired Cost, normal purchase price Total Checkouts Full call number Barcode Date last seen Price effective from Koha item type
        . . Library Compactors 30.05.2017 21.00   347.7301 KLE 4162 30.05.2017 30.05.2017 BOOKs